Ч. 2: Элементы строгой теории коэффициентов переноса, теория переноса энергии излучением и основная система уравнений аэротермохимии; Курс лекций по аэротермохимии

Bibliographic Details
Parent link:Курс лекций по аэротермохимии: в 2 ч./ Б. В. Алексеев, А. М. Гришин; Томский государственный университет (ТГУ). Ч. 2: Элементы строгой теории коэффициентов переноса, теория переноса энергии излучением и основная система уравнений аэротермохимии.— , 1971
Language:Russian
Published: 1971
Subjects:
Format: MixedMaterials Book
KOHA link:https://koha.lib.tpu.ru/cgi-bin/koha/opac-detail.pl?biblionumber=248225

MARC

LEADER 00000nam2a2200000 4500
001 248225
005 20231101232352.0
035 |a (RuTPU)RU\TPU\book\269960 
035 |a RU\TPU\book\269959 
090 |a 248225 
100 |a 20140120d1971 m y0rusy50 ca 
101 0 |a rus 
102 |a RU 
105 |a a j 001zy 
200 0 |a Ч. 2: Элементы строгой теории коэффициентов переноса, теория переноса энергии излучением и основная система уравнений аэротермохимии 
210 |d 1971 
215 |a 184 с.  |c ил. 
320 |a Библиогр.: с. 182-184. 
461 1 |0 (RuTPU)RU\TPU\book\271477  |t Курс лекций по аэротермохимии  |o в 2 ч.  |f Б. В. Алексеев, А. М. Гришин  |g Томский государственный университет (ТГУ)  |v Ч. 2: Элементы строгой теории коэффициентов переноса, теория переноса энергии излучением и основная система уравнений аэротермохимии  |d 1971 
606 1 |a Аэротермохимия  |2 stltpush  |3 (RuTPU)RU\TPU\subj\29986  |9 53195 
610 1 |a коэффициенты переноса 
610 1 |a газы 
610 1 |a течение 
610 1 |a метод Чепмена-Энскога 
610 1 |a уравнение Больцмана 
610 1 |a решение 
610 1 |a интегральные уравнения 
610 1 |a полиномы Сонина 
610 1 |a диффузия 
610 1 |a термодиффузия 
610 1 |a поток 
610 1 |a плотность 
610 1 |a химические реакции 
610 1 |a процессы 
610 1 |a перенос 
610 1 |a испускание 
610 1 |a поглощение 
610 1 |a рассеяние 
610 1 |a уравнения Навье-Стокса 
610 1 |a аэротермохимические явления 
610 1 |a лекции 
610 1 |a учебные пособия 
675 |a 533.6.01(076.8)  |v 3 
801 1 |a RU  |b 63413507  |c 20140120 
801 2 |a RU  |b 63413507  |c 20160620  |g RCR 
942 |c BK